Canadian Provinces/Territories by Number of Bordering US States - Statistics

General Stats
  • This quiz has been taken 8 times
  • The average score is 9 of 13
Answer Stats
Hint Explanation Answer % Correct
Northwest Territories 0
100%
Prince Edward Island 0
100%
Nunavut 0
86%
Yukon AK 1
86%
Manitoba MN, ND 2
86%
Saskatchewan MT, ND 2
86%
Newfoundland and Labrador 0
71%
Nova Scotia 0
71%
Alberta MT 1
71%
New Brunswick ME 1
57%
Quebec ME, NH, NY, VT 4
57%
Ontario MI, MN, NY, OH, PA 5
43%
British Columbia AK, ID, MT, WA 4
29%
No matching quizzes found
Score Distribution
Percent of People with Each Score
Percentile by Number Answered
Your Score History
You have not taken this quiz